[Event "Lovsprings op 09th C"]
[Site "Ringsted"]
[Date "1997.05.02"]
[Round "6"]
[White "Lassur, Benjamin"]
[Black "Olsen, Michael"]
[Result "0-1"]
[WhiteElo "1686"]
[BlackElo "1685"]
[PlyCount "90"]
[EventDate "1997.03.14"]
[EventType "swiss"]
[EventRounds "7"]
[EventCountry "DEN"]
[SourceTitle "EXT 2023"]
[Source "ChessBase"]
[SourceDate "2022.10.05"]
[SourceVersion "1"]
[SourceVersionDate "2022.10.05"]
[SourceQuality "1"]

1. c4 c6 2. Nc3 d5 3. cxd5 cxd5 4. d4 e6 5. Bf4 Bd6 6. Bxd6 Qxd6 7. e3 Bd7 8. Qb3 b6 9. Nb5 Bxb5 10. Bxb5+ Ke7 11. Rc1 Nf6 12. Nf3 a6 13. Qa4 Rd8 14. Ne5 Ra7 15. 0-0 Rb7 16. Bd3 g6 17. Rc2 b5 18. Qa5 Ne8 19. Rfc1 Rb6 20. Rc8 Rxc8 21. Rxc8 f6 22. Nf3 Rc6 23. Rxc6 Qxc6 24. Qa3+ Nd6 25. b3 Qc3 26. Bf1 Kd7 27. Qc5 Qxc5 28. dxc5 Ne4 29. b4 Nc3 30. Nd4 Nxa2 31. Nc2 Nc6 32. Na3 Naxb4 33. Nxb5 axb5 34. Bxb5 Kc7 35. Kf1 e5 36. Ke2 d4 37. Bc4 h6 38. h4 Nd8 39. Bb5 Ne6 40. g4 Nxc5 41. f4 d3+ 42. Kd1 Kd8 43. Bc4 Ke7 44. Kd2 Ne4+ 45. Ke1 Nc2+ 0-1